| 000 | 00421nam a2200169Ia 4500 | ||
|---|---|---|---|
| 003 | STCL | ||
| 008 | 181203s9999 xx 000 0 und d | ||
| 020 | _a9780521708029 | ||
| 040 |
_aSTCL _bEN _cSTCL |
||
| 082 | _222 | ||
| 100 | _aRatledge, Colin; Kristiansen, Bjorn | ||
| 245 | 0 | _aBasic Biotechnology | |
| 260 |
_bCambridge University Press _aCambridge _c2007 |
||
| 300 | _a666 | ||
| 546 | _aEnglish | ||
| 942 |
_2ddc _cBK |
||
| 999 |
_c84867 _d84867 |
||